[Event "Le Mans op"]
[Site "Le Mans "]
[Date "2001.12.27"]
[Round "3"]
[White "Retaux, Sebastien"]
[Black "Richet, Vincent"]
[Result "0-1"]
[WhiteElo "1679"]
[BlackElo "1989"]
[PlyCount "44"]
[EventDate "2001.12.26"]
[EventType "swiss"]
[EventRounds "9"]
[EventCountry "FRA"]
[SourceTitle "EXT 2008"]
[Source "ChessBase"]
[SourceDate "2007.11.25"]
[SourceVersion "1"]
[SourceVersionDate "2007.11.25"]
[SourceQuality "1"]

1. e4 e5 2. Nf3 Nc6 3. d4 exd4 4. Nxd4 Nf6 5. Nc3 Bb4 6. f3 0-0 7. Be2 Re8 8. 0-0 d5 9. Nxd5 Bc5 10. Nxf6+ Qxf6 11. c3 Nxd4 12. cxd4 Bxd4+ 13. Kh1 Bxb2 14. Bxb2 Qxb2 15. Bc4 Qf6 16. Qb3 b6 17. Rad1 Be6 18. Rd2 Rad8 19. Rfd1 Rxd2 20. Rxd2 Bxc4 21. Qxc4 Qa1+ 22. Rd1 Qxd1+ 0-1